| 000 | 00672nam a2200229Ia 4500 | ||
|---|---|---|---|
| 001 | 15953 | ||
| 003 | GE_BSU | ||
| 008 | 181216s||||||||xx |||||||||||||| ||und|| | ||
| 040 | _cGE_BSU | ||
| 080 | _a821.353.1-31 | ||
| 100 | _aჯაყელი, ჯ. | ||
| 245 | _aგულის საუნჯე | ||
| 245 | _bრომანი | ||
| 245 | _cრედ. ნ. ნოღაიდელი. მხ. ვ. სეიდიშვილი | ||
| 260 | _aბათუმი | ||
| 260 | _bსახელგამი | ||
| 260 | _c1959 | ||
| 300 | _a288გვ. ; 20სმ | ||
| 653 | _aგულის საუნჯე | ||
| 653 | _aრომანი | ||
| 942 | _cBK | ||
| 999 |
_c49047 _d49047 |
||